Religion and Power Structure in Rural India (Record no. 9342)

MARC details
000 -LEADER
fixed length control field 00668nam a2200241 a 4500
020 ## - INTERNATIONAL STANDARD BOOK NUMBER
ISBN
082 00 - DEWEY DECIMAL CLASSIFICATION NUMBER
Classification number 306.0899145
Author Cutter MUR
100 ## - MAIN ENTRY--AUTHOR NAME
Author name Murickan, J S J
245 ## - TITLE STATEMENT
Title Religion and Power Structure in Rural India
260 ## - PUBLICATION, DISTRIBUTION, ETC. (IMPRINT)
Place of publication Delhi
Name of publisher Rawat Pub
Year of publication 1991
300 ## - PHYSICAL DESCRIPTION
Number of Pages 171p
500 ## - GENERAL NOTE
General note includes index and biblioraphy
505 2# - FORMATTED CONTENTS NOTE
Formatted contents note this is the reproduction of part iv. section-5.of the glosary of tribes & caste Vol.1
650 ## - SUBJECT ADDED ENTRY--TOPICAL TERM
Topical Term Caste-India-Kerala
942 ## - ADDED ENTRY ELEMENTS (KOHA)
Koha item type Books
700 1# -
-- Murickan, J S J
Holdings
Collection code Home library Current library Date acquired Cost, normal purchase price Full call number Accession Number Koha item type
  Henry Martyn Institute Library Henry Martyn Institute Library 04/02/2007 175.00 306.0899145 MUR 014194 Books
                   Copyright © 2026 | Henry Martyn Institute | Hyderabad | TS-500052 | INDIA | Implemented by hmi.edu.in
Hit-Count:

Powered by Koha